| 000 | 00751nas a2200253 4500 | ||
|---|---|---|---|
| 001 | BR0705032 | ||
| 003 | BR-BrBNA | ||
| 005 | 20231205111131.0 | ||
| 007 | ta | ||
| 008 | 230509b bl.|||p| |||| 00| 00por d | ||
| 040 |
_aBR-BrBNA _bpor _cBiblioteca Nacional de Agricultura |
||
| 041 | _a(Pt) | ||
| 072 | _aL73 | ||
| 100 | 1 | _aMüller, G. | |
| 100 | 1 | _aWouk, A.F.P. de F. | |
| 245 | 1 |
_aCeratite ulcerativa por Pseudomonas Aeruginosa no cavalo - revisão _bSuplemento Técnico |
|
| 650 | _aDOENÇA ANIMAL | ||
| 650 | _aCERATITE | ||
| 650 | _aCAVALO | ||
| 650 | _aBACTERIA | ||
| 773 | 0 |
_tRevista CFMV (Brazil) _xISSN 1517-6959 _g(Jan-Apr 2006), v. 12(37) p. 38-48 _wBR0705032 |
|
| 909 |
_a202311 _bLúcia _c55 _dLúcia Elande |
||
| 942 |
_2AGRIS _n0 _cANA |
||
| 999 |
_c190870 _d190870 |
||